[Event "Championnat de France - Open A"]
[Site "Val d'Isere"]
[Date "2002.08.??"]
[Round "5.5"]
[White "Tournier, Mathieu"]
[Black "Larrat, Philippe"]
[Result "1-0"]
[WhiteElo "2080"]
[BlackElo "2164"]
[PlyCount "63"]
[EventDate "2002.08.??"]
[SourceDate "2002.08.21"]

1. e4 c5 2. c3 g6 3. d4 cxd4 4. cxd4 d5 5. exd5 Nf6 6. Nc3 Bg7 7. Bc4 O-O 8.
Nge2 Nbd7 9. Nf4 Nb6 10. Bb3 Bf5 11. Qe2 a6 12. O-O Qd6 13. Re1 Rfe8 14. h3 h6
15. Qf3 Rac8 16. g4 Bd7 17. Nd3 Nc4 18. Bf4 Qb6 19. Nc5 Na5 20. Be5 Nxb3 21.
axb3 Bb5 22. Rac1 Nd7 23. Bxg7 Kxg7 24. N3e4 Nf6 25. Nc3 Rcd8 26. Re3 Rd6 27.
Rce1 Qc7 28. N3e4 Nxe4 29. Nxe4 Rdd8 30. g5 Rxd5 31. gxh6+ Kg8 32. Nf6+ 1-0